2022 FIFA World Cup Group C - Saudi Arabia - Mexico - Statistics

General Stats
  • This quiz has been taken 59 times
  • The average score is 12 of 33
Answer Stats
Player % Correct
Guillermo Ochoa
88%
Raúl Jiménez
76%
Edson Álvarez
69%
Hirving Lozano
67%
Kevin Álvarez
67%
Henry Martín ¹
62%
Salem Al-Dawsari ¹
52%
Luis Chávez ¹
50%
Alexis Vega
48%
Héctor Moreno
48%
César Montes
45%
Jorge Sánchez
43%
Jesús Gallardo
40%
Mohammed Al-Owais
38%
Gerardo Martino
36%
Carlos Rodríguez
31%
Hervé Renard
31%
Mohamed Kanno
29%
Saleh Al-Shehri
29%
Orbelín Pineda
26%
Saud Abdulhamid
26%
Uriel Antuna
26%
Rogelio Funes Mori
24%
Hassan Al-Tambakti
21%
Abdulelah Al-Amri
19%
Hattan Bahebri
19%
Ali Al-Bulaihi
17%
Sultan Al-Ghannam
17%
Firas Al-Buraikan
14%
Riyadh Sharahili
14%
Abdullah Madu
12%
Ali Al-Hassan
12%
Abdulrahman Al-Aboud
10%
No matching quizzes found
Score Distribution
Percent of People with Each Score
Percentile by Number Answered
Your Score History
You have not taken this quiz